000 00757nam a22002657a 4500
999 _c2756
_d2756
001 12973188
003 GZU
005 20201105144000.0
008 020827s2000 rh 000 1 nde
010 _a 2002345797
020 _a1779003846
035 _a(DLC) 2002345797
040 _aDLC
_cDLC
042 _alcode
050 0 0 _aPL8842
_bMHL 2000
100 1 _aMhlabi, Stephen J. M.
_eauthor
245 1 0 _aSizwe elikantulo-- :
_biqoqo lezinganekwane /
_cS.J.M. Mhlabi.
260 _aHarare, Zimbabwe :
_bCollege Press,
_c2000.
300 _a142 p. ;
_c21 cm.
520 _aFolktales.
546 _aIn Ndebele.
906 _a7
_bcbc
_corigode
_d3
_encip
_f20
_gy-gencatlg
942 _2lcc
_cBK
_h8842
_iMHL
_kPL